banner-ar

خط السماء فى امريكا شكل المدن والبلدان وتطورها / (Record no. 35332)

MARC details
000 -الفاتح
حقل البيانات ثابتة الطول 00602nam a2200205Ia 4500
008 - عناصر البيانات ثابتة الطول - معلومات عامة
حقل البيانات ثابتة الطول 140319s9999 xx 000 0 ara d
040 ## - مصدر الفهرسة
وكالة الفهرسة الأصلية GCL /
وكالة النسخ GCL
082 04 - رقم تصنيف ديوى العشرى
رقم التصنيف 973
رقم المادة ت خ
100 1# - المدخل الرئيسى - إسم شخصى
الإسم الشخصى سيد كريم
245 10 - بيان العنوان
العنوان خط السماء فى امريكا شكل المدن والبلدان وتطورها /
بيان المسئوليه,etc سيد كريم
700 1# - المدخل الاضافى - اسم شخصى
الإسم الشخصى تنارد كرستوفر
700 1# - المدخل الاضافى - اسم شخصى
الإسم الشخصى ريد هنرى هوب
700 1# - المدخل الاضافى - اسم شخصى
الإسم الشخصى محمد حماد (مترجم)
260 ## - PUBLICATION, DISTRIBUTION, ETC. (IMPRINT)
تاريخ النشر أو التوزيع 1963
300 ## - الوصف المادى
التعداد 311 ص
490 ## - بيان السلسلة
عنوان السلسلة
650 04 - المدخل الاضافى بالموضوع-مصطلح موضوعى
مصطلح موضوعي تاريخ
942 ## - عناصر المدخل الإضافي( كوها)
مصدر التصنيف او مخطط الترفيف Dewey Decimal Classification
Koha [default] item type كتاب
260 ## - PUBLICATION, DISTRIBUTION, ETC. (IMPRINT)
-- [S.N] :
-- لا يوجد ،
Holdings
حالة التراجع حالة الفقد حالة تلف ليس للاعارة المكان المؤقت الموقع الحالى تاريخ الاكتساب اجمالي اﻻعارات رقم الطلب الباركود تاريخ اخر مشاهدة تاريخ تفعيل السعر نوع وعاء كوها
        مكتبة القاهرة الكبرى مكتبة القاهرة الكبرى 03/26/2014   973\ت خ 86137 03/26/2014 03/26/2014 كتاب
        مكتبة القاهرة الكبرى مكتبة القاهرة الكبرى 03/26/2014   973\ت خ 86138 03/26/2014 03/26/2014 كتاب

Powered By

EGPV